Seguridad en el automóvil : 25 montajes electrónicos
| Main Author: | |
|---|---|
| Format: | Section = Libro |
| Language: | Undetermined Spanish |
| Published: |
Madrid, España
Paraninfo
1981
|
| Subjects: |
| LEADER | 00503nam a2200181Ia 4500 | ||
|---|---|---|---|
| 008 | 240829s9999 xx 000 0 und d | ||
| 020 | |a 84-283-1.120-X | ||
| 040 | |a BIBLIOTECA-RUPAP 629.27 H963 | ||
| 041 | |a spa | ||
| 082 | |a 629.27 H963 | ||
| 100 | 1 | |a Huré, F | |
| 245 | 1 | 0 | |a Seguridad en el automóvil : 25 montajes electrónicos |
| 260 | |a Madrid, España |b Paraninfo |c 1981 | ||
| 300 | |a 128 p. :il. | ||
| 650 | 7 | |a AUTOMOVILES-EQUIPO ELECTRICO. I. Tít. | |
| 942 | |c BK |2 ddc | ||
| 991 | |a TEXTO | ||
| 999 | |c 8576 | ||